000 00433nam a2200169Ia 4500
008 170705s9999 xx 000 0 und d
020 _a9780439701679
245 4 _aThe tale of despereaux /
245 _cKate DiCamillo ; illustrated by Timothy Basil Ering.
260 _aNew York :
260 _bScholastic,
260 _c2003
300 _a267 pages :
300 _bcolor illustration ;
300 _c19cm.
500 _a670
999 _c336219
_d336219